IATA空港コード(日本) - Statistics

General Stats
  • This quiz has been taken 17 times
  • The average score is 45 of 88
Answer Stats
Hint Answer % Correct
FUK 福岡空港
94%
ITM 大阪国際空港
94%
AOJ 青森空港
88%
IBR 百里飛行場
88%
NRT 成田国際空港
88%
CTS 新千歳空港
81%
HKD 函館空港
81%
HND 東京国際空港
81%
OIT 大分空港
81%
FKS 福島空港
75%
NGO 中部国際空港
75%
AXT 秋田空港
69%
IKI 壱岐空港
69%
KIX 関西国際空港
69%
NGS 長崎空港
69%
OBO 帯広空港
69%
AKJ 旭川空港
63%
FKJ 福井空港
63%
ISG 石垣空港
63%
IWK 岩国飛行場
63%
MMB 女満別空港
63%
RBJ 礼文空港
63%
RIS 利尻空港
63%
TJH 但馬飛行場
63%
TOY 富山空港
63%
UBJ 山口宇部空港
63%
WKJ 稚内空港
63%
HAC 八丈島空港
56%
HIJ 広島空港
56%
IEJ 伊江島空港
56%
IWJ 石見空港
56%
KCZ 高知空港
56%
KKJ 北九州空港
56%
KMJ 熊本空港
56%
MBE 紋別空港
56%
MSJ 三沢飛行場
56%
MYJ 松山空港
56%
OKA 那覇空港
56%
OKD 札幌飛行場
56%
OKJ 岡山空港
56%
TAK 高松空港
56%
TTJ 鳥取空港
56%
AXJ 天草飛行場
50%
HNA 花巻空港
50%
IZO 出雲空港
50%
MMJ 松本空港
50%
NTQ 能登空港
50%
OKI 隠岐空港
50%
ONJ 大館能代空港
50%
SDJ 仙台空港
50%
SYO 庄内空港
50%
UKB 神戸空港
50%
YGJ 美保飛行場
50%
AGJ 粟国空港
44%
ASJ 奄美空港
44%
FSZ 静岡空港
44%
FUJ 福江空港
44%
GAJ 山形空港
44%
KIJ 新潟空港
44%
KMQ 小松飛行場
44%
KUH 釧路空港
44%
MMY 宮古空港
44%
OKE 沖永良部空港
44%
TKS 徳島飛行場
44%
TNE 種子島空港
44%
KKX 喜界空港
38%
KOJ 鹿児島空港
38%
SHB 中標津空港
38%
TKN 徳之島空港
38%
TSJ 対馬空港
38%
HTR 波照間空港
31%
MMD 南大東空港
31%
MYE 三宅島空港
31%
NKM 名古屋飛行場
31%
SHI 下地島空港
31%
HSG 佐賀空港
25%
OIR 奥尻空港
25%
SDS 佐渡空港
25%
TRA 多良間空港
25%
KMI 宮崎空港
19%
KTD 北大東空港
19%
KUM 屋久島空港
19%
RNJ 与論空港
19%
SHM 南紀白浜空港
19%
KJP 慶良間空港
13%
OGN 与那国空港
13%
OIM 大島空港
6%
UEO 久米島空港
6%
No matching quizzes found
Score Distribution
Percent of People with Each Score
Percentile by Number Answered
Your Score History
You have not taken this quiz